Logo BPK

Biblioteka

Politechniki Koszalińskiej

Przysposobienie biblioteczne i informacyjne studentów / (Rekord nr 17828)

Szczegóły MARC
000 -ETYKIETA REKORDU
podpole kontrolne o stałej długości 00432nam a2200157 i 4500
001 - NUMER KONTROLNY REKORDU
pole kontrolne bg
040 ## - ŹRÓDŁO KATALOGOWANIA
Instytucja, która utworzyła rekord BPK
041 ## - KOD JĘZYKA
Kod języka tekstu pol
008 - POLE O STAŁEJ DŁUGOŚCI - DANE KONTROLNE
podpole kontrolne o stałej długości s pl f |000 0 pol
100 1# - NAZWA OSOBOWA
Nazwa osobowa JASIŃSKA, Teresa
245 #0 - TYTUŁ/ODPOWIEDZIALNOŚĆ
Tytuł Przysposobienie biblioteczne i informacyjne studentów /
Pozostałe elementy strefy tytułu i oznaczenia odpowiedzialności Teresa Jasińska, Alicja Gniewoszewska.
250 ## - STREFA WYDANIA
Oznaczenie wydania Wyd.2 uzupeł.
260 ## - STREFA ADRESU WYDAWNICZEGO
Miejsce wydania Szczecin,
Data publikacji, dystrybucji/powstania dokumentu 1977.
700 1# - HASŁO DODATKOWE - NAZWA OSOBOWA
Nazwa osobowa GNIEWOSZEWSKA, Alicja
856 ## - LOKALIZACJA I DOSTĘP DO ELEKTRONICZNYCH DOKUMENTÓW ZDALNYCH
Link (URL) http://koha.tu.koszalin.pl/cgi-bin/koha/opac-detail.pl?biblionumber=17828
Tekst linku Katalog online BPK
942 ## - DODATKOWE ELEMENTY (KOHA)
Typ dokumentu Książka
Egzemplarze
Wycofany Status egzemplarza Uszkodzony Dostępność Lokalizacja stała Lokalizacja bieżąca Miejsce przechowywania Sygnatura Kod kreskowy Typ dokumentu
      Dostępny Biblioteka Politechniki Koszalińskiej Biblioteka Politechniki Koszalińskiej Wypożyczalnia BG 23415 02189277 Książka
© 2023 Biblioteka Politechniki Koszalińskiej :: KOHA